Loading...
Fine Arts - Classical Music | 4 | 10.00 | 100% | 0% | 0% |
Fine Arts - Other Fine Arts | 3 | 13.33 | 100% | 33% | 0% |
Fine Arts - Visual Fine Arts | 4 | 12.50 | 100% | 25% | 0% |
Geography/Current Events | 2 | 15.00 | 100% | 50% | 0% |
History - American History | 3 | 10.00 | 100% | 0% | 0% |
History - European History | 3 | 6.67 | 67% | 0% | 0% |
History - Other History | 5 | 10.00 | 80% | 20% | 0% |
History - World History | 1 | 10.00 | 100% | 0% | 0% |
Literature - American Literature | 5 | 10.00 | 80% | 20% | 0% |
Literature - British Literature | 3 | 6.67 | 67% | 0% | 0% |
Literature - European Literature | 4 | 7.50 | 75% | 0% | 0% |
Literature - World/Other Literature | 3 | 10.00 | 67% | 33% | 0% |
Mythology | 6 | 13.33 | 100% | 17% | 17% |
Other Academic | 1 | 10.00 | 100% | 0% | 0% |
Philosophy | 2 | 10.00 | 100% | 0% | 0% |
Pop Culture | 1 | 20.00 | 100% | 100% | 0% |
Religion | 2 | 15.00 | 100% | 50% | 0% |
Science - Biology | 6 | 16.67 | 100% | 67% | 0% |
Science - Chemistry | 1 | 0.00 | 0% | 0% | 0% |
Science - Other Science | 4 | 17.50 | 100% | 50% | 25% |
Science - Physics | 4 | 10.00 | 100% | 0% | 0% |
Social Science | 1 | 10.00 | 100% | 0% | 0% |